| 000 | 00738nam a2200241 a 4500 | ||
|---|---|---|---|
| 001 | 73701 | ||
| 003 | BD-RjUL | ||
| 005 | 20211209082432.0 | ||
| 008 | 170607s1967 enka 000 0 und d | ||
| 035 | _a(BD-RjUL)73919 | ||
| 040 |
_aEQO _cEQO _beng _dBD-RjUL |
||
| 041 | _aeng | ||
| 082 |
_223 _a657 _bKEY 1967 |
||
| 100 | 1 |
_aGarbutt, Douglas _9218159 |
|
| 245 | 1 | 0 |
_aKey to Carter's Advanced accounts / _cDouglas Garbutt |
| 250 | _a5th ed. | ||
| 260 |
_aLondon : _bPitman, _cc1963 [reprinting 1967] |
||
| 300 |
_avii, 753 p. : _bill. ; _c20 cm. |
||
| 500 | _a the fully-worked answers to the exercises in the 5th ed. of Carter's advanced accounts | ||
| 650 |
_aAccounting. _9218160 |
||
| 700 | 1 |
_aGarbutt, D. _9218161 |
|
| 942 |
_2ddc _cBK |
||
| 999 |
_c73701 _d73701 |
||